000 00340nam a2200133Ia 4500
005 20260328104317.0
008 260328s9999||||xx |||||||||||||| ||und||
100 _aFernández, Aurora
245 0 _aDensity is Home housing by a+t Research group /
_cAurora Fernández
260 _bA+T
300 _a393 p.
650 _aCIUDAD
942 _cBK
999 _c11196
_d11196